[Event "SVK GPX U08 Girls"]
[Site "Kremnica"]
[Date "2025.06.21"]
[Round "4"]
[White "Podolakova, Chloe"]
[Black "Blanarova, Anna"]
[Result "1/2-1/2"]
[WhiteElo "1000"]
[BlackElo "1000"]
[PlyCount "34"]
[EventDate "2025.06.21"]
[EventType "tourn (rapid)"]
[EventRounds "9"]
[EventCountry "SVK"]
[SourceTitle "CB26_2025"]
[SourceDate "2025.06.25"]
[SourceVersion "1"]
[SourceVersionDate "2025.06.25"]
[SourceQuality "1"]

1. e3 e6 2. Bc4 d5 3. Bb3 c5 4. f4 c4 5. Ba4+ Nd7 6. Qe2 f6 7. d3 cxd3 8. Qxd3 a6 9. Qb3 Nh6 10. Nc3 Qc7 11. Nb5 axb5 12. Qxb5 Qc6 13. Qb4 Rxa4 14. Qb3 Qc4 15. Qd3 Qxd3 16. cxd3 e5 17. fxe5 Nxe5 1/2-1/2